| 000 | 00566nam a2200229Ia 4500 | ||
|---|---|---|---|
| 003 | 0100 | ||
| 008 | 130303s9999 xx 000 0 und d | ||
| 040 | _cARRUPELIB | ||
| 050 | _aBD21.K63 1997 | ||
| 100 | _aKolak, Daniel | ||
| 245 | _aFrom the presocratics to the present | ||
| 245 | _ba personal Odyssey | ||
| 260 | _aCalifornia | ||
| 260 | _bMayfield Publishing Company | ||
| 260 | _C1997 | ||
| 300 | _av | ||
| 300 | _b 314p. 23 cm. | ||
| 650 | _bPopper, Karl Raimund | ||
| 650 | _cPhilosophy | ||
| 650 | _dScience--Methodology | ||
| 942 |
_2lcc _09 |
||
| 999 |
_c58629 _d58629 |
||